| 000 | 01304nam a2200265 i 4500 | ||
|---|---|---|---|
| 001 | 165899 | ||
| 003 | ES-MaACL | ||
| 005 | 20251012205635.0 | ||
| 008 | 931025s1781 sp |||| |dspa d | ||
| 245 | 0 | 0 |
_aSumario de los Reyes de España / _cpor el despensero mayor de la reyna Doña Leonor... ; con las alteraciones y adiciones que posteriormente le hizo un anonimo ; publicado por... Eugenio de Llaguno Amirola... |
| 260 |
_aEn Madrid : _ben la Imprenta de Don Antonio de Sancha, se hallarà en su Libreria..., _c1781. |
||
| 300 |
_aVIII, 95 p. ; _c4º. |
||
| 490 | 1 |
_aColección de las Crónicas y Memorias de los Reyes de Castilla ; _v3 |
|
| 530 | _aDisponible en formato digital. | ||
| 594 | _aPalau, 325166, atribuye la obra a Juan Rodríguez de Cuenca. | ||
| 597 | _aSign.: *4, A-M4. | ||
| 597 | _aPort. con adorno xil. | ||
| 651 | 4 |
_aEspaña- _xHistoria- _y0711-1492, Reconquista. _98217 |
|
| 700 | 1 |
_aRodríguez de Cuenca, Juan. _998446 |
|
| 700 | 1 |
_aLlaguno y Amírola, Eugenio, _d1724-1799 _972661 |
|
| 830 | 0 | 0 |
_aColección de las crónicas y memorias de los reyes de Castilla _v3 _9184660 |
| 852 |
_aES-MaACL _jR-1294(3) _z- Enc. pasta española _x Olim: G-13140 |
||
| 856 |
_uhttps://archive.org/details/A0403091723 _zInternet Archive |
||
| 999 |
_c165899 _d165899 |
||